Curso de teología dogmática
Salvato in:
| Autori principali: | , |
|---|---|
| Natura: | Libro |
| Lingua: | spagnolo |
| Pubblicazione: |
Barcelona
Herder
1982
|
| Soggetti: | |
| Tags: |
Aggiungi Tag
Nessun Tag, puoi essere il primo ad aggiungerne!!
|
MARC
| LEADER | 00000nam a2200000 a 4500 | ||
|---|---|---|---|
| 001 | UCL2601 | ||
| 003 | CL-VaPUC | ||
| 008 | 031031e19820000SP |||||||||||||||||spa|d | ||
| 082 | 0 | 4 | |a 230 |b AUE |2 21 |
| 100 | 0 | |a Auer, Johann |e author |9 479724 | |
| 700 | 0 | |a Ratzinger, Joseph |e author |9 479725 | |
| 245 | 1 | 0 | |a Curso de teología dogmática |
| 300 | |a v | ||
| 942 | |c BK | ||
| 945 | |d 20031031 00:00:00 |a rbrito | ||
| 260 | |a Barcelona |b Herder |c 1982 | ||
| 500 | |a v.2: Dios, uno y trino | ||
| 600 | 0 | |a Dios |9 314467 | |
| 650 | 0 | |a Teología dogmática |9 313198 | |
| 650 | 7 | |a DOGMATISMO |2 CL-VaPUC |9 337265 | |
| 650 | 0 | |a Antiguo testamento |9 313678 | |
| 650 | 0 | |a Nuevo testamento |9 257604 | |
| 650 | 0 | |a Ateísmo |9 265671 | |
| 583 | |a last modification |c 20031031 00:00:00 |k Rodrigo Vera | ||
| 999 | |c 305875 |d 305873 | ||
| 952 | |0 0 |1 0 |4 0 |6 230_000000000000000_AUE_1982 |7 0 |8 A |9 370373 |a BIBTEO |b BIBTEO |d 2019-11-21 |h v.2 |i 2085283 |o 230 AUE 1982 |p 2085283 |r 2025-01-17 |w 2019-11-21 |y BK |k ICR | ||
| 952 | |0 0 |1 0 |4 0 |6 230_000000000000000_AUE_1982 |7 0 |8 A |9 370374 |a BIBTEO |b BIBTEO |d 2019-11-21 |h v.2 |i 2085291 |l 1 |o 230 AUE 1982 |p 2085291 |r 2025-01-17 |s 2024-12-11 |w 2019-11-21 |y BK |k ICR | ||
| 952 | |0 0 |1 0 |4 0 |6 230_000000000000000_AUE_1982 |7 0 |8 A |9 370375 |a BIBTEO |b BIBTEO |d 2019-11-21 |h v.2 |i 2085305 |o 230 AUE 1982 |p 2085305 |r 2025-01-17 |w 2019-11-21 |y BK |k ICR | ||
| 952 | |0 0 |1 0 |4 0 |6 230_000000000000000_AUE_1982 |7 0 |8 A |9 370376 |a BIBTEO |b BIBTEO |d 2019-11-21 |h v.2 |i 2101270 |l 1 |o 230 AUE 1982 |p 2101270 |r 2025-01-17 |s 2024-05-06 |w 2019-11-21 |y BK |k ICR | ||